|
|
|
|
| LEADER |
01238nam a2200337 a 4500 |
| 001 |
000715285 |
| 003 |
CZ BrMZK |
| 005 |
20250610093718.0 |
| 007 |
ta |
| 008 |
040511s2003 xr e 000 1 cze d |
| 015 |
|
|
|a cnb001292323
|
| 020 |
|
|
|a 80-206-0687-4
|q (váz.)
|
| 035 |
|
|
|a (OCoLC)85089386
|
| 040 |
|
|
|a ULG001
|b cze
|d BOA001
|d ABA001
|
| 041 |
1 |
|
|a cze
|h eng
|
| 072 |
|
7 |
|a 821.111(73)-3
|x Americká próza
|2 Konspekt
|9 25
|
| 080 |
|
|
|a (0:82-312.4)
|2 MRF
|
| 080 |
|
|
|a 821.111(73)-31
|2 MRF
|
| 100 |
1 |
|
|a DeFelice, Jim,
|d 1956-
|7 xx0011937
|4 aut
|
| 245 |
1 |
0 |
|a Projekt Coyote /
|c Jim DeFelice ; [z anglického originálu ... přeložil Vladimír Nový]
|
| 250 |
|
|
|a 1. české vyd.
|
| 260 |
|
|
|a Praha :
|b Naše vojsko,
|c 2003
|
| 300 |
|
|
|a 363 s. ;
|c 21 cm
|
| 655 |
|
7 |
|a thrillery (romány)
|7 fd184206
|2 czenas
|
| 655 |
|
7 |
|a americké romány
|7 fd131796
|2 czenas
|
| 700 |
1 |
|
|a Nový, Vladimír,
|d 1975-
|7 pag2009484915
|4 trl
|
| 765 |
0 |
|
|t Coyote bird
|9 Česky
|
| 856 |
4 |
1 |
|u http://www.digitalniknihovna.cz/mzk/uuid/uuid:68de03b0-79ec-11e3-b0d1-005056827e51
|y Digitalizovaný dokument
|x NDK
|
| 910 |
|
|
|a BOA001
|b 2-1135.061
|
| 990 |
|
|
|a BK
|
| 996 |
6 |
|
|b 2610220401
|c 2-1135.061
|l MZK
|r Sklad / do 1 hodiny
|n 0
|p p.v.
|w 000715285
|u 000010
|a 1
|e BOA001
|j MZK50
|s P
|